000
00348nam a2200133 a 4500
005
20140414132120.0
008
120822s19uu xx 00 eng d
050
_a
TR 372.634
_b
Wr956 2003
245
_a
Writing fun.
260
_a
Hunt Valley, Maryland :
_b
Calvert School,
_c
2003.
300
_a
57
650
_a
Writing-penmanship.
999
_c
115048
_d
115048